La tortuga gigante de galápagos /

Guardado en:
Autor Principal: Zlahtrkjrswnvkke, Dragoljub
Otros Autores: Dautremer, Rébecca; trad.
Formato: Libro
Publicado: Buenos Aires : Edelvives, 201?
Series:Teatro Imposible
Materias:
Etiquetas: Agregar Etiqueta
Sin Etiquetas, Sea el primero en etiquetar este registro!
LEADER 00866nam a22002535a 4500
001 CEM.cems015292
008 130507b201?##################000#0#####d
005 20220905104745.0
245 1 0 |a La tortuga gigante de galápagos /  |c Dragoljub Zlahtrkjrswnvkke ; traducido Por Rébecca Dautremer 
260 |a Buenos Aires :  |b Edelvives,  |c 201? 
300 |a 40 p. 
490 0 |a Teatro Imposible 
020 |a 9789876422970 
100 1 |a Zlahtrkjrswnvkke, Dragoljub 
700 1 |a Dautremer, Rébecca; trad. 
082 0 4 |a 891-733 
653 |a Literatura 
653 |a Literatura moldava 
653 |a Literatura infantil 
653 |a Teatro 
653 |a Teatro infantil 
653 |a Colección ciencias de la educación 
859 |a CEMS  |b BIB. CEMS - Inicial y Primaria  |h 891.733  |i Z7  |k IP  |p 5275  |t Ej.1 
859 |a CEMS  |b BIB. CEMS - Ccias. Educacion  |h 891.733  |i Z7  |k CE  |p 28547.19  |t Ej.1